书目信息 |
| 题名: |
百年巨匠
|
|
| 作者: | 毛建波 , 栾旭耀 著 | |
| 分册: | 潘天寿 | |
| 出版信息: | 北京 文物出版社 2022.03 |
|
| 页数: | 215页 | |
| 开本: | 23cm | |
| 丛书名: | 百年巨匠从书 | |
| 单 册: | ||
| 中图分类: | K825.72 | |
| 科图分类: | ||
| 主题词: | ||
| 电子资源: | ||
| ISBN: | 978-7-5010-7123-4 | |
| 000 | 00952oam2 2200265 450 | |
| 001 | 011025153052 | |
| 005 | 20221025153052.0 | |
| 010 | @a978-7-5010-7123-4@dCNY59.80 | |
| 100 | @a20201004d2022 em y0chiy0120 ea | |
| 101 | 0 | @achi |
| 102 | @aCN@b110000 | |
| 105 | @aa z 000yb | |
| 106 | @ar | |
| 200 | 1 | @a百年巨匠@Abai nian ju jiang@i潘天寿@f毛建波, 栾旭耀著 |
| 210 | @a北京@c文物出版社@d2022.03 | |
| 215 | @a215页@c图, 照片@d23cm | |
| 225 | 2 | @a百年巨匠从书@Abai nian ju jiang cong shu@i美术篇 |
| 304 | @a英文共同题名:Century masters | |
| 330 | @a本书讲述了潘天寿的一生。主要包括少年思拏云、一师奠根基、更上一层楼、美专育美心、十年磨一剑、纠结与探索、白社共探求、国破山河在、高峰铸意识等十二章内容。 | |
| 410 | 0 | @12001 @a百年巨匠从书 |
| 600 | 0 | @a潘天寿@Apan tian shou@f(1897-1971)@x传记 |
| 690 | @aK825.72@v5 | |
| 701 | 0 | @a毛建波@Amao jian bo@4著 |
| 701 | 0 | @a栾旭耀@Aluan xu yao@4著 |
| 905 | @a河南城建学院图书馆@dK825.72@eM338 | |
| 百年巨匠.潘天寿/毛建波, 栾旭耀著.-北京:文物出版社,2022.03 |
| 215页:图, 照片;23cm.-(百年巨匠从书.美术篇) |
| ISBN 978-7-5010-7123-4:CNY59.80 |
| 本书讲述了潘天寿的一生。主要包括少年思拏云、一师奠根基、更上一层楼、美专育美心、十年磨一剑、纠结与探索、白社共探求、国破山河在、高峰铸意识等十二章内容。 |
| ● |
| 相关链接 |
|
|
|
正题名:百年巨匠
索取号:K825.72/M338
 
预约/预借
| 序号 | 登录号 | 条形码 | 馆藏地/架位号 | 状态 | 备注 |
| 1 | 1586580 | 215865801 | 社科库309/309社科库 54排1列5层/ [索取号:K825.72/M338] | 在馆 | |
| 2 | 1586581 | 215865810 | 社科库309/309社科库 54排1列5层/ [索取号:K825.72/M338] | 在馆 |